01580nam a2200397 a 450000100060000000300090000600500170001500600150003200800410004701500120008801600300010001700510013002000180018103500210019904000280022008000150024808200180026310000370028124501680031826000270048630000290051349000210054249000210056350500710058459400660065559700250072165000340074670000530078071000200083392600150085394200120086895600060088098001370088699900170102395201420104026707CO-ViMGA20230915223426.0bimo0002396010141112s2004 ck r 000 u spa d aMON0710 abimoBNE20070716352 SpMaBN aM 27072 - 2007 Oficina Depósito Legal Madrid a9788441323971 a(OCoLC)434105473 aCO-ViMGAbspacCO-ViMGA a087.5 : 8204aI808.831 G73h1 aMolero i Lloret, Natalia 1959 - 10aHansel y Gretel : badaptación del cuento recopilado por los Hermanos Grimm ; [adaptación del cuento original, Natalia Molero ; ilustraciones, Cardona Estudio] aBarcelona Folio [2007] a10, 16 p. il. col. 20 cm0 aTeatro - cuentos0 aTeatro - cuentos aHansel y Gretel, el guión ; Hansel y Gretel, el cuento ilustrado aAdaptación de : Hänsel und Gretel / Jacob y Wilhelm Grimm aTextos contrapuestos14aCuentos clásicos infantiles1 aGrimm, Jacob 1785 - 1863 Hansel und Gretel93862 aCardona Estudio aMONOMODERN 2ddccBK a2 a017. M 27072 - 2007 020. 978 - 84 - 413 - 2397 - 1 (ISBN único) 852. 40 M - BN BNALCALA MO05256445 AHMo/298295 AH SG_PETANTI c10055d10055 00102ddc40708001aMEVIGAELAbMEVIGAELAd2015-12-04h17/feb/2015l0oI808.831 G73h p28227r2015-12-04 00:00:00tEj. 1w2015-12-04yBK